| 000 | 00684nam a2200241Ia 4500 | ||
|---|---|---|---|
| 003 | OSt | ||
| 005 | 20220926010120.0 | ||
| 006 | a|||||r|||| 00| 0 | ||
| 007 | ta | ||
| 008 | 220923b |||||||| |||| 00| 0 eng d | ||
| 037 | _cGeneral Book | ||
| 040 |
_aRTL _cRTL _beng |
||
| 041 |
_2eng _aeng |
||
| 082 | _aX:533..4.N7, L8 | ||
| 100 |
_aMukherji Indra Nath _9263757 |
||
| 245 | 0 |
_aTowards economic integration in Asia _b An evolutio |
|
| 260 |
_a New Delhi _bVidya India _c1978 |
||
| 300 |
_axv, 203p. _ccm. |
||
| 650 | _a Free Trade | ||
| 650 | _aEconomics | ||
| 942 |
_hX:533..4.N7, L8 _cGB _2CC |
||
| 999 |
_c616427 _d616427 |
||